Ecological economics <an> introduction
Enregistré dans:
| Auteur principal: | |
|---|---|
| Autres auteurs: | |
| Format: | Livre |
| Langue: | anglais |
| Publié: |
New York
Cambridge University Press
2005
|
| Sujets: | |
| Tags: |
Pas de tags, Soyez le premier à ajouter un tag!
|
MARC
| LEADER | 00000nam$a2200000$$$4500 | ||
|---|---|---|---|
| 001 | 0113420 | ||
| 005 | 20240229083018.2 | ||
| 020 | |a 978-0-521-01670-4 | ||
| 041 | 0 | |a eng | |
| 044 | |a US | ||
| 245 | 1 | 0 | |a Ecological economics |b <an> introduction |c Mick Common and Sigrid Stagl |
| 264 | 1 | |a New York |b Cambridge University Press |c 2005 | |
| 300 | |a 560 s. | ||
| 610 | 2 | 0 | |a veda ekonomická |
| 610 | 2 | 0 | |a ekológia |
| 610 | 2 | 0 | |a prostredie životné |
| 610 | 2 | 0 | |a populácia |
| 610 | 2 | 0 | |a príroda |
| 610 | 2 | 0 | |a vývoj |
| 610 | 2 | 0 | |a spotreba |
| 610 | 2 | 0 | |a produkcia |
| 610 | 2 | 0 | |a rast hospodársky |
| 610 | 2 | 0 | |a obchod medzinárodný |
| 610 | 2 | 0 | |a ochrana prostredia životného |
| 610 | 2 | 0 | |a diverzita biologická |
| 610 | 2 | 0 | |a dohody medzinárodné |
| 100 | 1 | |a Common, Mick | |
| 700 | 1 | |a Stagl, Sigrid | |